00283nam a2200121Ia 4500008004100000041000900041082001700050100002300067245002000090260003500110300000800145650000800153230718s9999 xx 000 0 und d aEng. a34573bCHA-F aChaudhary, Pir S.A 0aFeensic Science aPakistanbImran Law Bookc2010 a464 aLaw